| 000 | 00428nam a2200157Ia 4500 | ||
|---|---|---|---|
| 008 | 240729s9999 xx 000 0 und d | ||
| 022 | _a2167-8677 | ||
| 245 | 0 | _aDentistry 3000 | |
| 260 | _aUnited States | ||
| 260 | _bUniversity Library System, University of Pittsburgh | ||
| 650 | _a Dentistry | ||
| 650 | _aMedicine | ||
| 856 | _uhttps://doaj.org/toc/bd4a40dc90fe4ec79e4ca0d407076327 | ||
| 942 | _2ddc | ||
| 942 | _cDOAJEJ | ||
| 999 |
_c71270 _d71270 |
||
| 945 |
_a1 _bMadushi Gamage _c1 _dMadushi Gamage |
||